International Economics (Record no. 3253)
[ view plain ]
| 000 -LEADER | |
|---|---|
| fixed length control field | 00578nam a22001577a 4500 |
| 020 ## - INTERNATIONAL STANDARD BOOK NUMBER | |
| International Standard Book Number | 9789332536791 |
| 082 ## - DEWEY DECIMAL CLASSIFICATION NUMBER | |
| Classification number | 330 |
| 100 ## - MAIN ENTRY--PERSONAL NAME | |
| Personal name | James Gerber |
| 245 ## - TITLE STATEMENT | |
| Title | International Economics |
| 250 ## - EDITION STATEMENT | |
| Edition statement | 6th ed |
| 260 ## - PUBLICATION, DISTRIBUTION, ETC. | |
| Place of publication, distribution, etc. | Dorling Kindersley |
| Name of publisher, distributor, etc. | Pearson education |
| Date of publication, distribution, etc. | 2014 |
| 300 ## - PHYSICAL DESCRIPTION | |
| Extent | 490p |
| 942 ## - ADDED ENTRY ELEMENTS (KOHA) | |
| Koha item type | Book |
| Withdrawn status | Lost status | Damaged status | Not for loan | Collection code | Permanent Location | Current Location | Shelving location | Date acquired | Total Checkouts | Full call number | Barcode | Date last seen | Date last checked out | Price effective from | Koha item type | Source of classification or shelving scheme | Total Renewals |
|---|---|---|---|---|---|---|---|---|---|---|---|---|---|---|---|---|---|
| Central Library (CL) | Central Library (CL) | General Stacks | 05/30/2016 | 1 | 330 GER | S3H-S-521 | 06/27/2021 | 11/20/2020 | 05/30/2016 | Book | |||||||
| Central Library (CL) | Central Library (CL) | General Stacks | 12/14/2016 | 2 | 330 GER | S3H-S-261 | 03/31/2022 | 01/27/2022 | 12/14/2016 | Book | 1 |
